[Event "Tournament"]
[Site "masterchessopen.com Sheffield (England)"]
[Round "0"]
[White "Adams Michael (ENG)"]
[Black "Richardson Keith B (ENG)"]
[Result "1-0"]
[WhiteElo "2615"]
[BlackElo "2137"]

1.e4 c5 2.Nf3 Nc6 3.d4 cxd4 4.Nxd4 g6 5.c4 Bg7 6.Be3 Nf6 7.Nc3 Ng4 8.Qxg4 Nxd4
9.Qd1 Ne6 10.Qd2 Qa5 11.Rc1 b6 12.Bd3 Bb7 13.O-O g5 14.a3 Rc8 15.b4 Qe5 16.Nd5
d6 17.a4 Nd4 18.Qd1 h5 19.a5 e6 20.f4 gxf4 21.Bxf4 {#r} 1-0

[Event "It (open)"]
[Site "masterchessopen.com Zaragoza (Spain)"]
[Round "9"]
[White "Leskovar Mario (ARG)"]
[Black "Munoz Palmerin Juan Carlos (ESP)"]
[Result "1-0"]
[WhiteElo "2316"]
[BlackElo "2138"]

1.e4 c5 2.Nf3 Nc6 3.d4 cxd4 4.Nxd4 g6 5.c4 Bg7 6.Be3 Nf6 7.Nc3 Ng4 8.Qxg4 Nxd4
9.Qd1 Ne6 10.Rc1 d6 11.Be2 Bd7 12.Qd2 Bc6 13.O-O O-O 14.Rfe1 Nc5 15.Bh6 Qb6
16.Bg4 Rfe8 17.Bxg7 Kxg7 18.Re3 Bd7 19.Rh3 h5 20.Bxd7 Nxd7 21.Nd5 Qd8 22.Rxh5
gxh5 23.Qg5+ Kf8 24.Rc3 Ne5 25.Rg3 Ng6 26.Nf4 e5 27.Nxg6+ fxg6 28.Qh6+ Ke7
29.Qg7+ {#r} 1-0

[Event "It (open) \"]
[Site "masterchessopen.com Berlin (Germany)"]
[Round "0"]
[White "Levin Felix (GER)"]
[Black "Lerner Konstantin Z (UKR)"]
[Result "1-0"]
[WhiteElo "2475"]
[BlackElo "2515"]

1.c4 c5 2.Nf3 g6 3.d4 cxd4 4.Nxd4 Bg7 5.e4 Nc6 6.Be3 Nf6 7.Nc3 Ng4 8.Qxg4 Nxd4
9.Qd1 Ne6 10.Rc1 Qa5 11.Qd2 b6 12.b3 Bb7 13.Nd5 Qxd2+ 14.Kxd2 Rc8 15.b4 Nd4
16.Bd3 Nc6 17.c5 e6 18.cxb6 exd5 19.exd5 Ne5 20.Rxc8+ Bxc8 21.bxa7 Bb7 22.Ba6
Bxd5 23.b5 Nc4+ 24.Ke2 Nxe3 25.fxe3 Ke7 26.b6 Ra8 27.Rc1 Kd8 28.Rc5 Bxg2
29.Ra5 Bc3 30.Ra4 Be5 31.e4 f5 32.Bb7 Bxe4 33.Rxe4 {#r} 1-0

[Event "It"]
[Site "masterchessopen.com Buenos Aires (Argentina)"]
[Round "0"]
[White "Panno Oscar (ARG)"]
[Black "Ricardi Pablo (ARG)"]
[Result "1-0"]
[WhiteElo "2485"]
[BlackElo "2465"]

1.c4 c5 2.Nf3 g6 3.d4 cxd4 4.Nxd4 Bg7 5.e4 Nc6 6.Be3 Nf6 7.Nc3 Ng4 8.Qxg4 Nxd4
9.Qd1 Ne6 10.Qd2 O-O 11.Be2 b6 12.O-O Bb7 13.f3 f5 14.exf5 Rxf5 15.Rad1 d6
16.f4 Rf8 17.Bg4 Nc5 18.Nd5 Bc8 19.Bf3 Bf5 20.Nxe7+ Qxe7 21.Bxa8 Ne4 22.Bd5+
Kh8 23.Bxe4 {#r} 1-0

[Event "It (open)"]
[Site "masterchessopen.com Caldas de Reis (Spain)"]
[Round "5"]
[White "Paredes Galan Angel (ESP)"]
[Black "Sjodahl Pontus (SWE)"]
[Result "0-1"]
[WhiteElo "2359"]
[BlackElo "2325"]

1.e4 c5 2.Nf3 Nc6 3.d4 cxd4 4.Nxd4 g6 5.c4 Bg7 6.Be3 Nf6 7.Nc3 Ng4 8.Qxg4 Nxd4
9.Qd1 Ne6 10.Qd2 d6 11.Be2 Bd7 12.O-O O-O 13.Rac1 Bc6 14.f3 a5 15.Nd5 Nc5
16.b3 Re8 17.Rfd1 b6 18.Qc2 Qb8 19.Bg5 Qa7 20.Bf1 b5 21.Qf2 b4 22.Kh1 Rab8
23.f4 Qb7 24.Re1 a4 25.bxa4 Nxa4 26.f5 Nc3 27.f6 Bxd5 28.exd5 exf6 29.Bxf6 Ne4
30.Rxe4 Rxe4 31.Bd3 Ree8 32.Rf1 Bxf6 33.Qxf6 Qe7 {#R} 0-1

[Event "It (open)"]
[Site "masterchessopen.com Copenhagen (Denmark)"]
[Round "0"]
[White "Akesson Ralf (SWE)"]
[Black "Bjerring Kai (DEN)"]
[Result "1-0"]
[WhiteElo "2421"]
[BlackElo "2298"]

1.Nf3 Nf6 2.c4 c5 3.Nc3 Nc6 4.d4 cxd4 5.Nxd4 g6 6.e4 Bg7 7.Be3 Ng4 8.Qxg4 Nxd4
9.Qd1 e5 10.Bd3 O-O 11.O-O d6 12.Ne2 Ne6 13.Qd2 f5 14.exf5 gxf5 15.f4 e4
16.Bb1 Qf6 17.Nc3 Nc5 18.Bc2 Be6 19.Qxd6 b6 20.Nd5 Bxd5 21.Qxf6 Bxf6 22.cxd5
Bxb2 23.Rad1 Rad8 24.Rf2 Rd6 25.h3 h5 26.g4 hxg4 27.hxg4 fxg4 28.Rg2 Kf7
29.Rxg4 Rh8 30.f5 Rh3 31.Bf4 Rd8 32.d6 Nd3 33.Bg3 {#r} 1-0

[Event "Ch Europe (team)"]
[Site "masterchessopen.com Debrecen (Hungary)"]
[Round "5"]
[White "Le Quang Kim (BEL)"]
[Black "Henriksson Christer (FIN)"]
[Result "1-0"]
[WhiteElo "2215"]
[BlackElo "2345"]

1.e4 c5 2.Nf3 Nc6 3.d4 cxd4 4.Nxd4 g6 5.c4 Bg7 6.Be3 Nf6 7.Nc3 Ng4 8.Qxg4 Nxd4
9.Qd1 Ne6 10.Rc1 b6 11.b4 Bb7 12.Qd2 O-O 13.f3 a5 14.a3 axb4 15.axb4 f5
16.exf5 Rxf5 17.Bd3 Re5 18.Be4 Bxe4 19.fxe4 Rc8 20.Qd3 Rh5 21.Nd5 Rc6 22.O-O
Be5 23.h3 Ng5 24.Bf4 Bg7 25.Rcd1 e6 26.Ne3 Rc8 27.Ng4 h6 28.e5 Qe8 29.Bg3 Rc7
30.h4 Nh7 31.Nf6+ Bxf6 32.exf6 d6 33.f7+ {#r} 1-0

[Event "Ch Europe (team)"]
[Site "masterchessopen.com Debrecen (Hungary)"]
[Round "6"]
[White "Le Quang Kim (BEL)"]
[Black "Silva Fernando (POR)"]
[Result "1-0"]
[WhiteElo "2215"]
[BlackElo "2260"]

1.e4 c5 2.Nf3 Nc6 3.d4 cxd4 4.Nxd4 g6 5.c4 Bg7 6.Be3 Nf6 7.Nc3 Ng4 8.Qxg4 Nxd4
9.Qd1 Ne6 10.Rc1 b6 11.Be2 Bb7 12.f3 Qb8 13.Qd2 Be5 14.g3 g5 15.Rd1 Qd6 16.Nd5
Qc6 17.b4 Qa4 18.Kf2 h6 19.f4 gxf4 20.gxf4 Bd6 21.Rb1 Rg8 22.h4 Rc8 23.Rhc1
Bb8 24.Rg1 Rxg1 25.Rxg1 Nf8 26.Rg8 e6 27.Bd1 Qc6 {#r} 1-0

[Event "It (open)"]
[Site "masterchessopen.com Donau (Austria)"]
[Round "0"]
[White "Volkmann Friedrich (AUT)"]
[Black "Zsifkovits Peter (AUT)"]
[Result "1-0"]
[WhiteElo "2410"]
[BlackElo "2070"]

1.Nf3 c5 2.c4 g6 3.e4 Bg7 4.d4 cxd4 5.Nxd4 Nc6 6.Be3 Nf6 7.Nc3 Ng4 8.Qxg4 Nxd4
9.Qd1 Ne6 10.Rc1 O-O 11.Be2 b6 12.f4 f5 13.exf5 Rxf5 14.Bg4 Rf8 15.O-O Bb7
16.f5 Nc5 17.Qc2 Qe8 18.b4 Na6 19.a3 gxf5 20.Bxf5 Qh5 21.Bxd7 Be5 22.h3 Nc7
23.Rf5 Rxf5 24.Qxf5 Qxf5 25.Bxf5 Rd8 26.Rd1 Rxd1+ 27.Nxd1 Ne8 28.c5 Bc7 29.Nc3
bxc5 30.Bxc5 Bb6 31.Bxb6 axb6 32.Na4 b5 33.Bd7 Nd6 34.Nc3 Ba6 35.Nd5 {#r} 1-0

[Event "Ch World (juniors) (under 18)"]
[Site "masterchessopen.com Duisburg (Germany)"]
[Round "0"]
[White "Egger Jorge (CHI)"]
[Black "Kotsur Pavel (KAZ)"]
[Result "0-1"]
[WhiteElo "2439"]
[BlackElo "2558"]

1.e4 c5 2.Nf3 Nc6 3.d4 cxd4 4.Nxd4 g6 5.c4 Nf6 6.Nc3 Bg7 7.Be3 Ng4 8.Qxg4 Nxd4
9.Qd1 Ne6 10.Qd2 Qa5 11.Rc1 b6 12.Bd3 Bb7 13.O-O g5 14.b3 h5 15.Rfd1 d6 16.Nb5
Qxd2 17.Rxd2 Kd7 18.Bb1 Be5 19.b4 Rhc8 20.Bd3 g4 21.a4 Nf4 22.Bb1 f5 23.exf5
Nxg2 24.f6 Nh4 25.Nd4 Bxd4 26.Rxd4 Nf3+ 27.Kf1 Nxd4 28.Bxd4 Rf8 29.Bf5+ e6
30.Bg6 e5 31.Be3 Rxf6 32.Bxh5 Bf3 {#R} 0-1

[Event "Bundesliga (juniors)"]
[Site "masterchessopen.com Germany"]
[Round "2"]
[White "Hollfelder Markus"]
[Black "Ullrich Farid-Raoul (GER)"]
[Result "0-1"]
[WhiteElo "1835"]
[BlackElo "2154"]

1.e4 c5 2.Nf3 Nc6 3.d4 cxd4 4.Nxd4 g6 5.Be3 Bg7 6.c4 Nf6 7.Nc3 Ng4 8.Nxc6 Nxe3
9.Nxd8 Nxd1 10.Nxd1 Kxd8 11.Bd3 b6 12.Rc1 d6 13.Rc2 Bb7 14.Ne3 Rc8 15.b3 e6
16.Ke2 Ke7 17.Rd2 f5 18.exf5 gxf5 19.f3 Be5 20.Bb1 h5 21.h4 Rhg8 22.Rg1 f4
23.Nc2 Bc3 24.Rd3 Bf6 25.Kf1 d5 26.Na3 Bb2 27.Nb5 dxc4 28.bxc4 Rxc4 29.Nd6
Rc1+ 30.Kf2 Rxg1 31.Kxg1 Ba6 32.Rd2 Bc3 33.Rd1 Be2 {#R} 0-1

[Event "Bundesliga 1991/92"]
[Site "masterchessopen.com Germany"]
[Round "0"]
[White "Dolgener Tobias (GER)"]
[Black "Vuckovic Aleksandar (GER)"]
[Result "1-0"]
[WhiteElo "2257"]
[BlackElo "2328"]

1.e4 c5 2.Nf3 Nc6 3.d4 cxd4 4.Nxd4 g6 5.c4 Bg7 6.Be3 Nf6 7.Nc3 Ng4 8.Qxg4 Nxd4
9.Qd1 Ne6 10.Rc1 O-O 11.Bd3 d6 12.O-O Bd7 13.b4 Re8 14.Bb1 Rc8 15.Qd3 b6 16.f4
Bc6 17.Nd5 Nc7 18.Nc3 Bb7 19.f5 Na6 20.a3 Nb8 21.fxg6 hxg6 22.Rxf7 Kxf7 23.e5
Ke6 24.Qxg6+ Kd7 25.e6+ Kc6 26.Qe4+ {#r} 1-0

[Event "Bundesliga 1991/92"]
[Site "masterchessopen.com Germany"]
[Round "0"]
[White "Zude Arno (GER)"]
[Black "Cmiel Thorsten (GER)"]
[Result "1-0"]
[WhiteElo "2431"]
[BlackElo "2250"]

1.e4 c5 2.Nf3 Nc6 3.d4 cxd4 4.Nxd4 g6 5.c4 Bg7 6.Be3 Nf6 7.Nc3 Ng4 8.Qxg4 Nxd4
9.Qd1 Ne6 10.Qd2 Qa5 11.Rc1 b6 12.Bd3 Bb7 13.O-O g5 14.Rfd1 d6 15.Bb1 h5
16.Qe2 Qe5 17.b4 Rc8 18.Nd5 Kf8 19.Qd3 Nf4 20.Qd2 Ne6 21.g3 g4 22.h4 gxh3
23.f4 Qb2 24.Qxb2 Bxb2 25.Rc2 Ba1 26.Kh2 Nd8 27.c5 e6 28.Nc3 dxc5 29.bxc5 bxc5
30.Nb5 Bxe4 31.Rxc5 Bf3 32.Rxc8 {#r} 1-0

[Event "Ch Hungary (team) 1992/93"]
[Site "masterchessopen.com Hungary"]
[Round "0"]
[White "Somlai Laszlo (HUN)"]
[Black "Donka Peter (HUN)"]
[Result "1-0"]
[WhiteElo "2347"]
[BlackElo "2199"]

1.e4 c5 2.Nf3 Nc6 3.d4 cxd4 4.Nxd4 g6 5.c4 Bg7 6.Be3 Nf6 7.Nc3 Ng4 8.Qxg4 Nxd4
9.Qd1 e5 10.Bd3 O-O 11.O-O b6 12.f4 d6 13.f5 Re8 14.Qd2 Qh4 15.Nd5 Rb8 16.Bg5
Qh5 17.Nc7 Rf8 18.Be7 gxf5 19.exf5 Bxf5 20.Bxf5 Ne2+ 21.Kf2 Qxf5+ 22.Kxe2 Qg4+
23.Kf2 Rfc8 24.Nd5 Qe6 25.Kg1 f5 26.Qg5 Rxc4 27.Ne3 h6 28.Qxf5 Qxf5 29.Nxf5
{#r} 1-0

[Event "It (open)"]
[Site "masterchessopen.com Katerini (Greece)"]
[Round "0"]
[White "Pandavos Panayotis (GRE)"]
[Black "Tsevremes Ioannis (GRE)"]
[Result "1-0"]
[WhiteElo "2247"]
[BlackElo "1955"]

1.e4 c5 2.Nf3 Nc6 3.d4 cxd4 4.Nxd4 g6 5.c4 Bg7 6.Be3 Nf6 7.Nc3 Ng4 8.Qxg4 Nxd4
9.Qd1 Ne6 10.Qd2 Qa5 11.Be2 b6 12.O-O Bb7 13.Rfd1 d6 14.f3 g5 15.Rab1 h5 16.b4
Qe5 17.Nd5 h4 18.c5 Bxd5 19.exd5 Nf4 20.Bb5+ Kf8 21.cxb6 axb6 22.Qf2 Qc3
23.Rb3 Qc8 24.Bc6 Rb8 25.Ra3 b5 26.Ba7 Rb7 27.Bxb7 Qxb7 28.Qb6 {#r} 1-0

[Event "Ch Yugoslavia"]
[Site "masterchessopen.com Kladovo (Yugoslavia)"]
[Round "6"]
[White "Mijailovic Zoran (SRB)"]
[Black "Sibarevic Milenko (BIH)"]
[Result "1-0"]
[WhiteElo "2414"]
[BlackElo "2312"]

1.Nf3 g6 2.e4 c5 3.d4 cxd4 4.Nxd4 Bg7 5.c4 Nc6 6.Be3 Nf6 7.Nc3 Ng4 8.Qxg4 Nxd4
9.Qd1 Ne6 10.Rc1 b6 11.Be2 Bb7 12.f3 Qb8 13.Qd2 Be5 14.g3 g5 15.Nd5 h5 16.Rf1
h4 17.f4 hxg3 18.hxg3 Bd6 19.e5 Bc5 20.b4 Bxe3 21.Qxe3 gxf4 22.gxf4 Nc7 23.Bf3
Nxd5 24.cxd5 Rh3 25.Qg1 Rh8 26.Qg7 Rf8 27.Rh1 d6 28.e6 {#r} 1-0

[Event "Ch Argentina (qual)"]
[Site "masterchessopen.com La Plata (Argentina)"]
[Round "0"]
[White "Servat Roberto (ARG)"]
[Black "Imbert Santiago (ARG)"]
[Result "1-0"]
[WhiteElo "2436"]
[BlackElo "2183"]

1.e4 c5 2.Nf3 Nc6 3.d4 cxd4 4.Nxd4 g6 5.c4 Bg7 6.Be3 Nf6 7.Nc3 Ng4 8.Qxg4 Nxd4
9.Qd1 Ne6 10.Rc1 Qa5 11.Be2 b6 12.O-O Bb7 13.f3 g5 14.Rf2 h5 15.Bf1 Qe5 16.Rd2
d6 17.Nd5 Kf8 18.b4 Rc8 19.Qa4 Bxd5 20.Rxd5 Qb2 21.Qxa7 Bd4 22.Bxd4 Qxc1
23.Qxb6 f6 24.Bxf6 Rh6 25.Bxe7+ Kxe7 26.Qxd6+ {#r} 1-0

[Event "It (open)"]
[Site "masterchessopen.com Mar del Plata (Argentina)"]
[Round "2"]
[White "Bertona Fernando (ARG)"]
[Black "Bordoni Nestor (ARG)"]
[Result "1-0"]
[WhiteElo "2420"]
[BlackElo "2084"]

1.e4 c5 2.Nf3 Nc6 3.d4 cxd4 4.Nxd4 g6 5.c4 Bg7 6.Be3 Nf6 7.Nc3 Ng4 8.Qxg4 Nxd4
9.Qd1 Ne6 10.Qd2 Qa5 11.Rc1 g5 12.Be2 Qe5 13.O-O h5 14.Rfd1 b6 15.b3 d6 16.Qd5
Rb8 17.Nb5 a6 18.Qc6+ Bd7 19.Nc7+ Nxc7 20.Qxc7 Rc8 21.Qxb6 Qxe4 22.Bf3 Qg6
23.c5 Bg4 24.cxd6 Rxc1 25.Bc6+ {#r} 1-0

[Event "It (open)"]
[Site "masterchessopen.com Mar del Plata (Argentina)"]
[Round "4"]
[White "Cativelli Gerardo (ARG)"]
[Black "Di Diego Osvaldo (ARG)"]
[Result "1-0"]
[WhiteElo "2178"]
[BlackElo "1910"]

1.e4 c5 2.Nf3 Nc6 3.d4 cxd4 4.Nxd4 g6 5.c4 Bg7 6.Be3 Nf6 7.Nc3 Ng4 8.Qxg4 Nxd4
9.Qd1 Ne6 10.Rc1 d6 11.Be2 O-O 12.O-O Kh8 13.Qd2 Bd7 14.b4 a5 15.a3 axb4
16.axb4 Bc6 17.Nd5 Bxd5 18.cxd5 Nc7 19.Bb6 Rc8 20.Qc2 e5 21.Bxc7 Qd7 22.b5 b6
23.Qc6 {#r} 1-0

[Event "Ch NRW"]
[Site "masterchessopen.com Mittelrhein (Germany)"]
[Round "0"]
[White "Gikas Basilius (GER)"]
[Black "Tochtenhagen Wolfgan (GER)"]
[Result "0-1"]
[WhiteElo "2192"]
[BlackElo "2083"]

1.e4 c5 2.Nf3 Nc6 3.d4 cxd4 4.Nxd4 g6 5.c4 Bg7 6.Be3 Nf6 7.Nc3 Ng4 8.Qxg4 Nxd4
9.Qd1 e5 10.Bd3 O-O 11.O-O d6 12.Rc1 a6 13.b4 Be6 14.Ne2 Rc8 15.Nxd4 exd4
16.Bd2 Qh4 17.f3 f5 18.Be1 Qh5 19.Bg3 fxe4 20.Bxe4 Rxc4 21.Bxb7 Qb5 22.Re1
Rxc1 23.Qxc1 Bxa2 24.Qc7 Qxb4 25.Bxa6 Be5 26.Rxe5 dxe5 27.Bxe5 Qe1+ 28.Bf1
Qe3+ 29.Kh1 Bf7 30.h3 Re8 31.f4 Qe1 32.Kg1 d3 33.Bc3 d2 {#R} 0-1

[Event "It (active)"]
[Site "masterchessopen.com Moscow (Russia)"]
[Round "1"]
[White "Nevostrujev Vladimir (RUS)"]
[Black "Ljubojevic Ljubomir (SRB)"]
[Result "0-1"]
[WhiteElo "2450"]
[BlackElo "2600"]

1.e4 c5 2.Nf3 g6 3.d4 cxd4 4.Nxd4 Bg7 5.c4 Nc6 6.Nc3 Nf6 7.Be3 Ng4 8.Qxg4 Nxd4
9.Qd1 Ne6 10.Rc1 Qa5 11.f3 h5 12.Qd2 h4 13.c5 Rh5 14.f4 Nxc5 15.Be2 Bxc3
16.Qxc3 Nxe4 17.Qxa5 Rxa5 18.O-O Rxa2 19.f5 Rxb2 20.fxg6 fxg6 21.Bd3 d5 22.Bh6
Bf5 23.Bg7 Rd2 24.Bb5+ Kf7 25.Bh6 Rb2 26.Bd7 Nf6 27.Bxf5 gxf5 28.Rxf5 Kg6 {#R}
0-1

[Event "It (open)"]
[Site "masterchessopen.com Munich (Germany)"]
[Round "0"]
[White "Wegener Dirk (GER)"]
[Black "Ankerst Milka (SLO)"]
[Result "1-0"]
[WhiteElo "2364"]
[BlackElo "2195"]

1.e4 c5 2.Nf3 Nc6 3.d4 cxd4 4.Nxd4 g6 5.c4 Bg7 6.Be3 Nf6 7.Nc3 Ng4 8.Qxg4 Nxd4
9.Qd1 Ne6 10.Rc1 Qa5 11.Qd2 b6 12.Bd3 g5 13.O-O Qe5 14.b4 Bb7 15.Nd5 Rc8 16.a4
Qd6 17.Bxg5 Nxg5 18.Qxg5 Bh6 19.Qh4 Bxc1 20.Rxc1 Bxd5 21.exd5 Qxb4 22.Qd4 f6
23.Bf5 Qxa4 24.d6 Rc5 25.Qe4 O-O 26.dxe7 Re8 27.Bxh7+ Kh8 28.Qh4 Kg7 29.Bc2
Qxc2 30.Rxc2 Rxe7 31.h3 Rg5 32.Qd4 {#r} 1-0

[Event "Ch Bulgaria (w)"]
[Site "masterchessopen.com Pernik (Bulgaria)"]
[Round "6"]
[White "Bratimirova Dimitrinka (BUL)"]
[Black "Dragijska Iva (BUL)"]
[Result "1-0"]
[WhiteElo "2014"]
[BlackElo "2009"]

1.e4 c5 2.Nf3 Nc6 3.d4 cxd4 4.Nxd4 g6 5.c4 Bg7 6.Be3 Nf6 7.Nc3 Ng4 8.Qxg4 Nxd4
9.Qd1 e5 10.Nd5 O-O 11.g3 d6 12.Bg2 Be6 13.O-O Qd7 14.f4 f5 15.fxe5 dxe5
16.exf5 Bxf5 17.Bg5 Kh8 18.Qd2 Rab8 19.Bh6 b5 20.Bxg7+ Kxg7 21.Rae1 Qd6
22.Rxe5 Nc6 23.Re3 bxc4 24.Qc3+ Kh6 25.Qxc4 Rxb2 26.Rfe1 Rc2 27.Qh4+ Kg7
28.Nf4 Rf7 29.Bd5 Rd7 30.Re8 h5 31.Qg5 Bg4 32.Rg8+ Kh7 33.Rh8+ Kxh8 34.Qh6+
Rh7 35.Re8+ {#r} 1-0

[Event "It"]
[Site "masterchessopen.com Pontevedra (Spain)"]
[Round "3"]
[White "Garcia Carbo Marcial (ESP)"]
[Black "Permuy Lorenzo Carlos Javier (ESP)"]
[Result "1-0"]
[WhiteElo "2285"]
[BlackElo "2290"]

1.e4 c5 2.Nf3 Nc6 3.d4 cxd4 4.Nxd4 g6 5.c4 Bg7 6.Be3 Nf6 7.Nc3 Ng4 8.Qxg4 Nxd4
9.Qd1 Ne6 10.Qd2 Qa5 11.Rc1 b6 12.Bd3 Bb7 13.f4 Nc5 14.Bb1 O-O 15.Bd4 Bxd4
16.Qxd4 Ne6 17.Qd2 d6 18.O-O Rac8 19.f5 Qc5+ 20.Kh1 Qd4 21.Qh6 Qg7 22.Qh4 gxf5
23.Nd5 f6 24.Rxf5 Ng5 25.Qf2 Kh8 26.Rf4 e5 27.Rf5 Qh6 28.Rc3 Qh5 29.Bc2 Bxd5
30.exd5 Qh6 31.Kg1 {#r} 1-0

[Event "Ch Romania (team)"]
[Site "masterchessopen.com Romania"]
[Round "0"]
[White "Diozu Maia (MDA)"]
[Black "Cretu Alina (ROM)"]
[Result "0-1"]
[WhiteElo "2064"]
[BlackElo "2122"]

1.e4 c5 2.Nf3 Nc6 3.d4 cxd4 4.Nxd4 g6 5.c4 Bg7 6.Be3 Nf6 7.Nc3 Ng4 8.Qxg4 Nxd4
9.Qd1 Ne6 10.Qd2 Qa5 11.Be2 b6 12.O-O Bb7 13.f3 g5 14.Rfd1 d6 15.Nd5 Qxd2
16.Rxd2 Rc8 17.Rad1 h5 18.a4 h4 19.a5 bxa5 20.Bxa7 Nc5 21.Rb1 Be5 22.Bd1 e6
23.Nc3 Ke7 24.Ne2 Ba6 25.b3 Ra8 26.Bxc5 dxc5 {#R} 0-1

[Event "Ch Poland (w)"]
[Site "masterchessopen.com Swieradow (Poland)"]
[Round "4"]
[White "Dabrowska Krystyna (POL)"]
[Black "Kaczorowska Barbara (POL)"]
[Result "0-1"]
[WhiteElo "2208"]
[BlackElo "2150"]

1.e4 c5 2.Nf3 g6 3.d4 cxd4 4.Nxd4 Bg7 5.c4 Nc6 6.Be3 Nf6 7.Nc3 Ng4 8.Qxg4 Nxd4
9.Qd1 Ne6 10.Rc1 Qa5 11.Qd2 d6 12.a3 g5 13.Be2 Bd7 14.O-O Be5 15.Rfd1 h5 16.c5
f6 17.Qd5 Rd8 18.cxd6 Qxd5 19.exd5 Nf4 20.dxe7 Nxe2+ 21.Nxe2 Kxe7 22.Bxa7 Ba4
23.Rd2 Rc8 24.Re1 Kd7 25.Nd4 Rhe8 26.Ne6 Kd6 27.f3 Bb3 28.Kf2 Bxh2 29.Rh1 Be5
30.Rxh5 Rc2 31.Rxc2 Bxc2 32.Bd4 Rxe6 33.Bxe5+ {#R} 0-1

[Event "Ch Sweden (open)"]
[Site "masterchessopen.com Vaxjo (Sweden)"]
[Round "0"]
[White "Jonsson Mikael (SWE)"]
[Black "Andersson Robert (SWE)"]
[Result "1-0"]
[WhiteElo "2340"]
[BlackElo "2050"]

1.e4 c5 2.Nf3 Nc6 3.d4 cxd4 4.Nxd4 g6 5.c4 Bg7 6.Be3 Nf6 7.Nc3 Ng4 8.Qxg4 Nxd4
9.Qd1 Ne6 10.Be2 O-O 11.O-O d6 12.Qd2 b6 13.Nd5 Nc5 14.f3 Bb7 15.Rac1 e6
16.Nc3 Bc6 17.Rfd1 Nb7 18.Bg5 f6 19.Bf4 Rf7 20.Nb5 Bf8 21.b4 a6 22.Nc3 b5
23.Be3 Qe8 24.Bd3 Nd8 25.Qe2 Rb7 26.Rb1 Nf7 27.a4 Rab8 28.axb5 axb5 29.cxb5
Bd7 30.b6 Ne5 31.Ba6 Rxb6 32.Bxb6 Rxb6 33.b5 {#r} 1-0

[Event "It (open)"]
[Site "masterchessopen.com Wuerzburg (Germany)"]
[Round "0"]
[White "Kuhn Alena (GER)"]
[Black "Pohl Walter (GER)"]
[Result "1-0"]
[WhiteElo "1887"]
[BlackElo "2123"]

1.e4 c5 2.c4 g6 3.Nf3 Bg7 4.d4 cxd4 5.Nxd4 Nc6 6.Be3 Nf6 7.Nc3 Ng4 8.Qxg4 Nxd4
9.Qd1 Ne6 10.Be2 O-O 11.Qd2 Re8 12.O-O d6 13.Rad1 b6 14.f4 Bb7 15.Bf3 Qc7
16.b3 Rac8 17.Nd5 Qb8 18.f5 Nc5 19.Bd4 Bxd5 20.exd5 Nd7 21.fxg6 hxg6 22.Bg4 f5
23.Bxg7 Kxg7 24.Bxf5 gxf5 25.Qg5+ Kf7 26.Qxf5+ Nf6 27.Qe6+ Kg7 28.Rd3 Qc7
29.Rg3+ Kh8 30.Qh3+ Nh7 31.Rf7 {#r} 1-0

[Event "It (open)"]
[Site "masterchessopen.com Aegina (Greece)"]
[Round "7"]
[White "Radovanovic Jovica (SRB)"]
[Black "Stamatopoulos Ioannis (GRE)"]
[Result "1-0"]
[WhiteElo "2320"]
[BlackElo "2131"]

1.e4 c5 2.Nf3 Nc6 3.d4 cxd4 4.Nxd4 g6 5.c4 Bg7 6.Be3 Nf6 7.Nc3 Ng4 8.Qxg4 Nxd4
9.Qd1 Ne6 10.Qd2 Qa5 11.Rc1 b6 12.Be2 Bb7 13.f3 d6 14.O-O g5 15.a3 h5 16.b4
Qe5 17.Nd5 Rc8 18.Rfd1 f6 19.Bf1 Kf7 20.Bf2 Bh6 21.Qa2 Bxd5 22.Rxd5 Qf4 23.Re1
{#r} 1-0

[Event "It (open)"]
[Site "masterchessopen.com Athens (Greece)"]
[Round "1"]
[White "Nikolaidis Ioannis (GRE)"]
[Black "Haritos Hristos (GRE)"]
[Result "1-0"]
[WhiteElo "2551"]
[BlackElo "2110"]

1.e4 c5 2.Nf3 Nc6 3.d4 cxd4 4.Nxd4 g6 5.c4 Nf6 6.Nc3 Bg7 7.Be3 Ng4 8.Qxg4 Nxd4
9.Qd1 Ne6 10.Qd2 Qa5 11.Rc1 b6 12.Bd3 Bb7 13.f3 d6 14.O-O g5 15.Rf2 Be5 16.b3
h5 17.Qb2 Nc5 18.Bf1 Qb4 19.Bxg5 Bd4 20.Kh1 Rg8 21.Bh4 Bxf2 22.Bxf2 Ne6 23.Nb5
Bc6 24.a3 Qa5 25.a4 Rc8 26.Be1 Qa6 27.c5 Kf8 28.cxd6 exd6 29.Bb4 Nc5 30.Nxd6
{#r} 1-0

[Event "It (open)"]
[Site "masterchessopen.com Biel (Switzerland)"]
[Round "10"]
[White "Filipenko Alexander V (RUS)"]
[Black "Kliukin Boris P (RUS)"]
[Result "1-0"]
[WhiteElo "2353"]
[BlackElo "2366"]

1.e4 c5 2.Ne2 Nc6 3.d4 cxd4 4.Nxd4 g6 5.c4 Bg7 6.Be3 Nf6 7.Nc3 Ng4 8.Qxg4 Nxd4
9.Qd1 Ne6 10.Rc1 Qa5 11.Bd3 d6 12.O-O Bd7 13.f4 Bc6 14.Bb1 O-O 15.f5 Nc5 16.f6
Bxf6 17.Rxf6 exf6 18.b4 Qxb4 19.Qxd6 Na6 20.Qxf6 Rfe8 21.Bd4 Kf8 22.a3 Qa5
23.Rf1 Qc7 24.Qg7+ {#r} 1-0

[Event "It (open)"]
[Site "masterchessopen.com Bratislava (Slovakia)"]
[Round "6"]
[White "Chmelik Lukas (SVK)"]
[Black "Dovramadjiev Tihomir (BUL)"]
[Result "0-1"]
[WhiteElo "2252"]
[BlackElo "2356"]

1.e4 c5 2.Nf3 Nc6 3.d4 cxd4 4.Nxd4 g6 5.c4 Bg7 6.Be3 Nf6 7.Nc3 Ng4 8.Qxg4 Nxd4
9.Qd1 Ne6 10.Qd2 Qa5 11.Be2 Bxc3 12.bxc3 O-O 13.h4 d6 14.h5 g5 15.O-O h6 16.f4
gxf4 17.Rxf4 Nxf4 18.Bxf4 f6 19.Bxh6 Rf7 20.Rb1 a6 21.Rf1 Be6 22.Kh1 Kh7
23.Be3 Rg8 24.e5 dxe5 25.Qc2+ f5 26.g4 Kh8 27.gxf5 Bd7 28.h6 Bc6+ 29.Bf3 Qc7
30.Bd5 e6 31.Bxc6 Qxc6+ 32.Kh2 exf5 {#R} 0-1

[Event "It (open) \"]
[Site "masterchessopen.com Cologne (Germany)"]
[Round "1"]
[White "Marggraff Bernhard"]
[Black "Cmiel Thorsten (GER)"]
[Result "0-1"]
[WhiteElo "1805"]
[BlackElo "2285"]

1.e4 c5 2.Nf3 Nc6 3.d4 cxd4 4.Nxd4 g6 5.c4 Nf6 6.Nc3 Bg7 7.Be3 Ng4 8.Qxg4 Nxd4
9.Qd1 e5 10.Nb5 O-O 11.Bd3 d6 12.O-O a6 13.Nxd4 exd4 14.Bf4 Be5 15.Bg3 b5
16.f4 Bg7 17.Rc1 Be6 18.b3 bxc4 19.Bxc4 Bxc4 20.Rxc4 d5 21.exd5 Qxd5 22.Qd2
Rfe8 23.Bf2 d3 24.Rd1 Rad8 25.Ra4 Re2 26.Qa5 Qxa5 27.Rxa5 Bc3 28.Rc5 Bd4
29.Bxd4 Rxd4 30.Rc4 Rd6 31.Rc3 d2 32.Rf3 Rde6 33.Rff1 f5 34.Rf2 Re1+ 35.Rf1
Rxd1 {#R} 0-1

[Event "It (cat.4)"]
[Site "masterchessopen.com Eger (Hungary)"]
[Round "3"]
[White "Feher Gyula (HUN)"]
[Black "Horvath Peter_ (HUN)"]
[Result "1-0"]
[WhiteElo "2334"]
[BlackElo "2450"]

1.e4 c5 2.Nf3 Nc6 3.d4 cxd4 4.Nxd4 g6 5.c4 Bg7 6.Be3 Nf6 7.Nc3 Ng4 8.Qxg4 Nxd4
9.Qd1 Ne6 10.Rc1 O-O 11.Be2 d6 12.b4 Bd7 13.O-O a5 14.a3 axb4 15.axb4 Ra3
16.Nd5 Bc6 17.Qd2 Bxd5 18.cxd5 Rxe3 19.Qxe3 Nd4 20.Rc4 Nxe2+ 21.Qxe2 Qb6
22.Rfc1 e6 23.Qd2 exd5 24.Qxd5 Be5 25.g3 Kg7 26.Kg2 {#r} 1-0